000 00875nam a22002175i 4500
001 159462
003 ES-MaACL
005 20250726063042.0
008 040913s1885 it |||| | ita d
080 _a550.348.436(450)
100 1 _aMercalli, Giuseppe,
_d1850-1914
_eaut
_9129847
245 1 3 _aIl terremoto sentito in Lombardia nel 12 settembre 1884 /
_cnota del prof. Giuseppe Mercalli.
260 _aMilano :
_b[s.n.],
_c1885
_f(Tip. Bernardoni di C. Rebeschini e C.)
300 _a7, [1] páginas ;
_c23 cm.
594 _aTít. y autor tomados de principio de texto
650 4 _aTerremotos-
_zItalia.
_9136926
852 _aES-MaACL
_cDEPOF
_hLegado de Federico de Botella y de Hornos
_jT-899-F-17
_xEnc. en un vol. facticio
_xHolandesa, falto de cub. original
942 _2udc
_cFOLLETOS
_n0
999 _c159462
_d159462